[Event "1st 4NCL Easter Congress"]
[Site "Stevenage"]
[Date "2019.04.21"]
[Round "5"]
[Board "2"]
[White "Neil, Graham"]
[Black "Usharovsky, Tom"]
[Result "1-0"]
[WhiteElo "1540"]
[BlackElo "1486"]
[PlyCount "71"]
[EventDate "2019.04.19"]
[EventRounds "7"]
[EventCountry "ENG"]

1. d4 d5 2. Bf4 Bf5 3. e3 e6 4. h3 Bd6 5. Bxd6 Qxd6 6. Nc3 a6 7. a3 Nf6 8. Bd3
Bg6 9. Nf3 Nbd7 10. Ne2 O-O 11. Bxg6 fxg6 12. c3 Ne4 13. Qc2 c5 14. dxc5 Ndxc5
15. O-O Nd7 16. Rad1 Qc7 17. Nf4 Rae8 18. Qb3 Kh8 19. Qc2 Ne5 20. Nd2 Nxd2 21.
Qxd2 Nc4 22. Qc2 Qb6 23. Rb1 Re7 24. Qe2 Qd6 25. Rbd1 b5 26. Nd3 Ref7 27. Nb4
Qb6 28. Nd3 Qc7 29. Nb4 Qb6 30. Nd3 Rf5 31. e4 dxe4 32. Qxe4 Nxb2 33. Nxb2 Rxf2
34. Nd3 R2f4+ 35. Qd4 Rxd4 36. Rxf8#  1-0

[Event "1st 4NCL Easter Congress"]
[Site "Stevenage"]
[Date "2019.04.21"]
[Round "5"]
[Board "3"]
[White "Dunkley, Michael"]
[Black "Gill, Gursharanjit S"]
[Result "0-1"]
[WhiteElo "1777"]
[BlackElo "1520"]
[PlyCount "94"]
[EventDate "2019.04.19"]
[EventRounds "7"]
[EventCountry "ENG"]

1. e4 e6 2. d4 d5 3. Nc3 Bb4 4. Bd3 c5 5. a3 cxd4 6. axb4 dxc3 7. Qe2 Nf6 8. e5
cxb2 9. Bxb2 Nfd7 10. Qg4 g6 11. Nf3 Nc6 12. b5 Ne7 13. O-O Nc5 14. Bc1 Nxd3
15. cxd3 Nf5 16. Bg5 h5 17. Qb4 Qd7 18. Bf6 Rg8 19. b6 Ne7 20. Nd4 Nc6 21. Qa4
a6 22. Nb5 Rb8 23. Nc7+ Kf8 24. Qa3+ Ne7 25. Rfc1 Qd8 26. d4 Bd7 27. Qe3 g5 28.
Bxg5 Nf5 29. Qd2 Qxg5 30. Qxg5 Rxg5 31. Rd1 Ke7 32. Ra3 Rbg8 33. g3 h4 34. Kf1
hxg3 35. hxg3 Rg4 36. Rad3 Rh8 37. Ke2 Rh2 38. Kf3 Re4 39. g4 Rh3+ 40. Kg2 Rxd3
41. Rxd3 Rxg4+ 42. Kf3 Rxd4 43. Rb3 a5 44. Nb5 Bxb5 45. Rxb5 a4 46. Rc5 Rc4 47.
Ra5 Nd4+  0-1

[Event "1st 4NCL Easter Congress"]
[Site "Stevenage"]
[Date "2019.04.21"]
[Round "5"]
[Board "4"]
[White "Pride, Stephen C"]
[Black "Robinson, Brian"]
[Result "1/2-1/2"]
[WhiteElo "1610"]
[BlackElo "1569"]
[PlyCount "40"]
[EventDate "2019.04.19"]
[EventRounds "7"]
[EventCountry "ENG"]

1. Nc3 Nf6 2. Nf3 d5 3. e3 e6 4. b3 Bd6 5. Bb2 O-O 6. Be2 b6 7. Nb5 Be7 8. Ne5
a6 9. Nc3 Bb7 10. O-O Nfd7 11. Nxd7 Nxd7 12. Bf3 Nf6 13. d4 Rc8 14. Ne2 c5 15.
c3 Qd7 16. Rc1 Rc7 17. Ng3 Rfc8 18. Qd2 cxd4 19. cxd4 Rxc1 20. Rxc1 Rxc1+
 1/2-1/2

[Event "1st 4NCL Easter Congress"]
[Site "Stevenage"]
[Date "2019.04.21"]
[Round "5"]
[Board "5"]
[White "Royce, Anastasija"]
[Black "Willow, Hambel M"]
[Result "0-1"]
[WhiteElo "1158"]
[BlackElo "1531"]
[PlyCount "86"]
[EventDate "2019.04.19"]
[EventRounds "7"]
[EventCountry "ENG"]

1. e4 c6 2. d4 d5 3. e5 Bf5 4. Bd3 Bxd3 5. Qxd3 e6 6. a3 Ne7 7. Bg5 Qc7 8. Nf3
Ng6 9. O-O Nd7 10. Nbd2 Nb6 11. b3 Be7 12. Be3 Rd8 13. b4 O-O 14. Nb3 f6 15.
Nc5 Bxc5 16. bxc5 Nd7 17. exf6 Nxf6 18. Bg5 Rde8 19. h3 Ne4 20. Bd2 Rf5 21.
Rfe1 Qf7 22. Rxe4 dxe4 23. Qxe4 h6 24. Be3 e5 25. Nh4 Nxh4 26. Qxh4 exd4 27.
Qxd4 Rd5 28. Qg4 Qd7 29. Qg3 Rd1+ 30. Rxd1 Qxd1+ 31. Kh2 Qh5 32. Qc7 Qe5+ 33.
Qxe5 Rxe5 34. c3 Re4 35. Bd4 Re2 36. f4 Ra2 37. h4 Rxa3 38. g4 a5 39. f5 a4 40.
g5 hxg5 41. hxg5 Ra2+ 42. Kg3 a3 43. Kf4 Rd2  0-1

[Event "1st 4NCL Easter Congress"]
[Site "Stevenage"]
[Date "2019.04.21"]
[Round "5"]
[Board "6"]
[White "Webster, Vivien"]
[Black "Sloan, Cecil"]
[Result "0-1"]
[WhiteElo "1724"]
[BlackElo "1654"]
[PlyCount "94"]
[EventDate "2019.04.19"]
[EventRounds "7"]
[EventCountry "ENG"]

1. d4 Nf6 2. c4 e6 3. a3 Be7 4. Nc3 d6 5. e4 e5 6. d5 a5 7. Be2 Nbd7 8. Nf3 Nc5
9. Qc2 O-O 10. O-O a4 11. Be3 Nb3 12. Rad1 Bd7 13. Nd2 Nd4 14. Bxd4 exd4 15.
Ncb1 c5 16. Nf3 Bg4 17. e5 dxe5 18. Nxe5 Bxe2 19. Qxe2 Bd6 20. Nd2 Qc7 21. f4
Rfe8 22. Rde1 Re7 23. Ndf3 Ng4 24. Qd3 Ne3 25. Ng5 g6 26. Rf3 h6 27. Ngxf7 Rxf7
28. Nxf7 Qxf7 29. g3 Re8 30. b4 b6 31. bxc5 Bxc5 32. h3 Qe7 33. Qxg6+ Kh8 34.
Qxh6+ Qh7 35. Qf6+ Qg7 36. Qc6 Qf7 37. d6 Rd8 38. Qxa4 Qe6 39. Qc6 d3 40. f5
Nc2+ 41. Ree3 Bxe3+ 42. Kh2 Qxd6 43. Qe4 Qf6 44. Rf1 Bc5 45. Rf4 d2 46. Rh4+
Kg8 47. Qg4+ Kf8  0-1

[Event "1st 4NCL Easter Congress"]
[Site "Stevenage"]
[Date "2019.04.21"]
[Round "5"]
[Board "7"]
[White "Bishop, Geoffrey L"]
[Black "Zhu, Feng"]
[Result "1-0"]
[WhiteElo "1740"]
[BlackElo "1433"]
[PlyCount "95"]
[EventDate "2019.04.19"]
[EventRounds "7"]
[EventCountry "ENG"]

1. e4 c5 2. Nf3 g6 3. d4 cxd4 4. Nxd4 Bg7 5. Nc3 Nc6 6. Be3 Nf6 7. f3 O-O 8. g4
d5 9. g5 Ne8 10. Nxd5 Nxd4 11. Bxd4 Bxd4 12. Qxd4 e6 13. Nf6+ Nxf6 14. Qxf6
Qa5+ 15. c3 Rd8 16. h4 Qb6 17. Be2 e5 18. Qxb6 axb6 19. a3 Be6 20. h5 Rd6 21.
hxg6 fxg6 22. Rd1 Rxd1+ 23. Bxd1 Rd8 24. Rh2 Kg7 25. Rd2 Rxd2 26. Kxd2 h6 27.
gxh6+ Kxh6 28. Ke3 g5 29. Be2 Kg6 30. Bb5 Kh5 31. Be8+ Kh4 32. Bg6 Kg3 33. Bf5
Bc4 34. Bc8 Bf1 35. Bg4 Bc4 36. Bc8 Bf1 37. b3 Bg2 38. Bg4 Bh3 39. Bxh3 Kxh3
40. c4 Kg2 41. b4 Kf1 42. a4 Ke1 43. c5 bxc5 44. bxc5 Kd1 45. a5 Kc2 46. a6
bxa6 47. c6 a5 48. c7  1-0

[Event "1st 4NCL Easter Congress"]
[Site "Stevenage"]
[Date "2019.04.21"]
[Round "5"]
[Board "8"]
[White "Ribbands, Patrick C"]
[Black "Homer, Neil S"]
[Result "1/2-1/2"]
[WhiteElo "1683"]
[BlackElo "1692"]
[PlyCount "80"]
[EventDate "2019.04.19"]
[EventRounds "7"]
[EventCountry "ENG"]

1. c4 e6 2. Nf3 d5 3. e3 c5 4. Be2 Nf6 5. O-O Be7 6. d4 O-O 7. cxd5 exd5 8. b3
cxd4 9. Nxd4 Nc6 10. Bb2 Nxd4 11. Qxd4 Be6 12. Nd2 b6 13. Nf3 Bc5 14. Qd3 h6
15. Rac1 Bd6 16. Rfd1 Qd7 17. Ne5 Bxe5 18. Bxe5 Qe7 19. Rc7 Qd8 20. Rdc1 Ne8
21. R7c6 Rc8 22. Bf3 Rxc6 23. Rxc6 Qd7 24. Qc3 f6 25. Bg3 g6 26. h3 Qf7 27. Qd3
Kg7 28. e4 dxe4 29. Bxe4 f5 30. Be5+ Kh7 31. Bf3 Qd7 32. Qc3 Bd5 33. Bxd5 Qxd5
34. Rc8 Qf7 35. Qd4 Qe6 36. Rd8 Rf7 37. Bb8 Re7 38. Kh2 Qf6 39. Qxf6 Nxf6 40.
f3 Kg7  1/2-1/2

[Event "1st 4NCL Easter Congress"]
[Site "Stevenage"]
[Date "2019.04.21"]
[Round "5"]
[Board "9"]
[White "Lambton, David"]
[Black "Illingworth, John B"]
[Result "1-0"]
[WhiteElo "1645"]
[BlackElo "1621"]
[PlyCount "99"]
[EventDate "2019.04.19"]
[EventRounds "7"]
[EventCountry "ENG"]

1. c4 e5 2. g3 d6 3. Nc3 f5 4. e3 Nf6 5. Bg2 c6 6. Nge2 Be6 7. b3 Nbd7 8. O-O
Be7 9. d4 e4 10. Nf4 Bf7 11. Bb2 Qc7 12. d5 g5 13. Nfe2 Bg6 14. Nd4 Nf8 15. Rc1
Ng4 16. Nxe4 Rg8 17. Nc3 c5 18. Ne6 Qd7 19. Nb5 Bd8 20. Qd2 a6 21. Nxd8 axb5
22. Ne6 bxc4 23. bxc4 Bf7 24. Nxg5 Rxg5 25. e4 Rg8 26. exf5 Qxf5 27. Bh3 Qh5
28. Rfe1+ Kd8 29. Bxg4 Qxg4 30. Bf6+ Kc8 31. Qb2 Nd7 32. Re7 Bg6 33. Rce1 Qf5
34. Rxd7 Qxd7 35. Re7 Qxe7 36. Bxe7 Kc7 37. f3 Rge8 38. Qf6 Ra6 39. Qg7 Kb8 40.
Qf6 Kc7 41. Qg7 Kb8 42. Kg2 Rxa2+ 43. Kh3 Ra6 44. Bg5 Re2 45. Bf4 Ka7 46. Qd7
Raa2 47. g4 Ra3 48. Qxd6 Rxf3+ 49. Bg3 b6 50. Qb8+  1-0

[Event "1st 4NCL Easter Congress"]
[Site "Stevenage"]
[Date "2019.04.21"]
[Round "5"]
[Board "10"]
[White "Ratnesan, Radha"]
[Black "Jones, Zebedee"]
[Result "1-0"]
[WhiteElo "1418"]
[BlackElo "1412"]
[PlyCount "75"]
[EventDate "2019.04.19"]
[EventRounds "7"]
[EventCountry "ENG"]

1. d4 Nf6 2. c4 e6 3. Nf3 d5 4. e3 Be7 5. Nc3 O-O 6. Bd3 b6 7. O-O Bb7 8. Qc2
dxc4 9. Bxc4 c5 10. Qe2 Nbd7 11. Rd1 Rc8 12. Ba6 Qc7 13. Bxb7 Qxb7 14. e4 cxd4
15. Rxd4 Bc5 16. Rd1 e5 17. Bg5 Rfe8 18. Rac1 Bb4 19. Nd5 Nxd5 20. Rxc8 Rxc8
21. exd5 f6 22. Be3 Bd6 23. Nh4 g6 24. Qg4 Nf8 25. Nf5 Qd7 26. Nh6+ Kg7 27. Qh4
Bc5 28. Ng4 Qf5 29. Bh6+ Kf7 30. Bxf8 Bxf8 31. Qxh7+ Ke8 32. Nh6 Bxh6 33. Qxh6
Rc2 34. Qh8+ Kf7 35. Qh4 Qd3 36. Qh7+ Kf8 37. Qh6+ Kf7 38. Rxd3  1-0

[Event "1st 4NCL Easter Congress"]
[Site "Stevenage"]
[Date "2019.04.21"]
[Round "5"]
[Board "11"]
[White "Fisher, Neal"]
[Black "Duffell, Andrew"]
[Result "0-1"]
[WhiteElo "1473"]
[BlackElo "1424"]
[PlyCount "98"]
[EventDate "2019.04.19"]
[EventRounds "7"]
[EventCountry "ENG"]

1. d4 Nf6 2. Nc3 d5 3. Bf4 c5 4. e3 e6 5. Nb5 Qa5+ 6. c3 Na6 7. Nf3 c4 8. a4
Bd7 9. Nd6+ Bxd6 10. Bxd6 Ne4 11. Be5 f6 12. Bg3 O-O 13. Qc2 Rac8 14. Be2 Nb8
15. Bxb8 Rxb8 16. O-O Qc7 17. Rfd1 Rbd8 18. Bf1 Be8 19. Re1 h6 20. Nd2 f5 21.
Nf3 Nf6 22. Ne5 Ng4 23. Nxg4 fxg4 24. Qe2 h5 25. e4 Bg6 26. exd5 exd5 27. Qd2
Be4 28. Re3 Rf6 29. Be2 Rdf8 30. Rf1 Qf7 31. f3 gxf3 32. Bxf3 g5 33. Ree1 Bxf3
34. Rxf3 Rxf3 35. Qxg5+ Kh7 36. gxf3 Rg8 37. Qxg8+ Qxg8+ 38. Kf2 Qf7 39. Re5
Kg6 40. h4 Qf4 41. Rxd5 Qxh4+ 42. Ke3 Qe1+ 43. Kf4 h4 44. Rg5+ Kh6 45. Re5 Qg3+
46. Ke3 h3 47. Re4 h2 48. Rg4 Qxg4 49. fxg4 h1=Q  0-1

[Event "1st 4NCL Easter Congress"]
[Site "Stevenage"]
[Date "2019.04.21"]
[Round "5"]
[Board "12"]
[White "Pettit, Felicity Ol"]
[Black "Volovich, Andrew"]
[Result "1-0"]
[WhiteElo "1273"]
[BlackElo "1373"]
[PlyCount "117"]
[EventDate "2019.04.19"]
[EventRounds "7"]
[EventCountry "ENG"]

1. c4 Nf6 2. g3 e6 3. Bg2 d5 4. d4 Be7 5. e3 O-O 6. b3 c5 7. Ne2 Nc6 8. Bb2 b6
9. O-O Bb7 10. Nbc3 Qd6 11. dxc5 Qxc5 12. cxd5 Rad8 13. Nf4 Nb4 14. Qd2 Nbxd5
15. Nfxd5 exd5 16. Rfd1 Rfe8 17. Ne2 Ne4 18. Qd4 Qxd4 19. Bxd4 Rc8 20. Rac1 Bb4
21. Nf4 f6 22. Bb2 Red8 23. Rxc8 Rxc8 24. Nxd5 Bxd5 25. Rxd5 Ng5 26. Rd7 a5 27.
a3 Bc5 28. Bd5+ Kf8 29. h4 Nh3+ 30. Kg2 Nxf2 31. Kxf2 Re8 32. Bd4 Bxa3 33. Bxb6
Bb4 34. Rf7+ Kg8 35. Ra7+ Kf8 36. Bxa5 Bc5 37. Rf7+ Kg8 38. Rc7+ Kf8 39. Rxc5
Ke7 40. Bf3 Kd6 41. Rc6+ Kd7 42. b4 Rb8 43. Rc7+ Kd6 44. Rxg7 f5 45. Bc7+ Ke6
46. Bxb8 h5 47. b5 f4 48. Ba7 fxg3+ 49. Kxg3 Kf6 50. Rc7 Ke6 51. b6 Kd6 52. Rh7
Kc5 53. b7+ Kc4 54. b8=Q Kd3 55. Rd7+ Kc2 56. Qc8+ Kb1 57. Rb7+ Ka2 58. Qc2+
Ka3 59. Qb3#  1-0

[Event "1st 4NCL Easter Congress"]
[Site "Stevenage"]
[Date "2019.04.22"]
[Round "6"]
[Board "1"]
[White "Usharovsky, Ron"]
[Black "Neil, Graham"]
[Result "1-0"]
[WhiteElo "1609"]
[BlackElo "1540"]
[PlyCount "95"]
[EventDate "2019.04.19"]
[EventRounds "7"]
[EventCountry "ENG"]

1. e4 e5 2. Nf3 Nc6 3. Nc3 d6 4. d4 exd4 5. Nxd4 Nxd4 6. Qxd4 Qf6 7. Be3 Qxd4
8. Bxd4 c6 9. O-O-O Be6 10. f4 f6 11. Be2 Be7 12. g4 a6 13. Bb6 Nh6 14. f5 Bd7
15. g5 Nf7 16. Bh5 O-O 17. gxf6 Bxf6 18. Bc7 Rac8 19. Bxd6 Nxd6 20. Rxd6 Be8
21. Bf3 Bf7 22. a3 Rcd8 23. Rhd1 Rxd6 24. Rxd6 Rd8 25. e5 Rxd6 26. exd6 Be8 27.
Ne4 b6 28. Nxf6+ gxf6 29. c4 Kg7 30. c5 bxc5 31. Kd2 Kh6 32. h4 Bd7 33. Kc3
Bxf5 34. Bxc6 Kh5 35. d7 Bxd7 36. Bxd7 Kxh4 37. Kc4 Kg5 38. Kxc5 h5 39. Kb6 h4
40. Bh3 Kf4 41. Kxa6 Kg3 42. Be6 h3 43. b4 f5 44. Bxf5 h2 45. Be4 Kf4 46. Bc6
Ke5 47. b5 Kd6 48. Bh1  1-0

[Event "1st 4NCL Easter Congress"]
[Site "Stevenage"]
[Date "2019.04.22"]
[Round "6"]
[Board "2"]
[White "Sloan, Cecil"]
[Black "Tomlinson, Zak"]
[Result "0-1"]
[WhiteElo "1654"]
[BlackElo "1660"]
[PlyCount "130"]
[EventDate "2019.04.19"]
[EventRounds "7"]
[EventCountry "ENG"]

1. e4 e5 2. Nf3 Nc6 3. d4 exd4 4. Bc4 h6 5. O-O Bc5 6. c3 dxc3 7. Bxf7+ Kxf7 8.
Qd5+ Kf8 9. Qxc5+ Qe7 10. Qxe7+ Ngxe7 11. Nxc3 a6 12. Bf4 d6 13. Rac1 Bg4 14.
Nd5 Rc8 15. Nxe7 Kxe7 16. e5 Bxf3 17. exd6+ cxd6 18. gxf3 Rhf8 19. Rfe1+ Kd7
20. Bg3 Nd4 21. Kg2 Nxf3 22. Red1 Rxc1 23. Rxc1 Ng5 24. Rc4 d5 25. Rc7+ Ke6 26.
Rxb7 d4 27. Rb6+ Kf5 28. f3 Rd8 29. Rd6 Rxd6 30. Bxd6 a5 31. Bc5 Ne6 32. Bb6 a4
33. Kf2 Ke5 34. Ba5 Kd5 35. Ke2 g6 36. Bd2 h5 37. b3 axb3 38. axb3 Nc5 39. b4
Nb3 40. Bg5 Kc4 41. Be7 d3+ 42. Kd1 Nd4 43. f4 Nc6 44. Bd6 Nxb4 45. Be5 Kd5 46.
Kd2 Ke4 47. Bd6 Nd5 48. h4 Nxf4 49. Be7 Ne6 50. Bf6 Nd4 51. Be7 Nf3+ 52. Kd1
Kf4 53. Bf6 Kg4 54. Be7 Nxh4 55. Kd2 Nf3+ 56. Kxd3 Kg3 57. Ke3 g5 58. Bd6+ Kg2
59. Be7 h4 60. Ke2 h3 61. Bd6 h2 62. Bxh2 Nxh2 63. Ke3 Kf1 64. Ke4 Kf2 65. Kf5
g4  0-1

[Event "1st 4NCL Easter Congress"]
[Site "Stevenage"]
[Date "2019.04.22"]
[Round "6"]
[Board "3"]
[White "Usharovsky, Tom"]
[Black "Bishop, Geoffrey L"]
[Result "1/2-1/2"]
[WhiteElo "1486"]
[BlackElo "1740"]
[PlyCount "98"]
[EventDate "2019.04.19"]
[EventRounds "7"]
[EventCountry "ENG"]

1. c4 b6 2. Nc3 Bb7 3. Nf3 Nf6 4. g3 e6 5. Bg2 c5 6. e3 Be7 7. O-O O-O 8. a3
Nc6 9. d4 cxd4 10. Nxd4 Na5 11. Bxb7 Nxb7 12. b3 d5 13. Nc6 Qc7 14. Nxe7+ Qxe7
15. cxd5 Rfd8 16. e4 exd5 17. exd5 Qe5 18. Bb2 Nxd5 19. Qf3 Na5 20. Na4 Qg5 21.
Rac1 Rac8 22. Rfd1 Nf6 23. b4 Rxd1+ 24. Rxd1 Nc4 25. Qc6 Qg4 26. f3 Qe6 27.
Qxe6 fxe6 28. Bxf6 gxf6 29. Rd3 Ne5 30. Re3 Rc1+ 31. Kg2 Kf7 32. Rc3 Ra1 33. f4
Ra2+ 34. Kg1 Ng6 35. Rc7+ Ne7 36. Rxa7 Rxa3 37. Ra8 Nd5 38. Nxb6 Rxa8 39. Nxa8
Nxb4 40. Kf2 Nd5 41. Kf3 Ke7 42. Ke4 Kd6 43. g4 Kc6 44. g5 Kb7 45. gxf6 Nxf6+
46. Ke5 Ng4+ 47. Kxe6 Nxh2 48. Kf5 Kxa8 49. Kg5 Nf3+  1/2-1/2

[Event "1st 4NCL Easter Congress"]
[Site "Stevenage"]
[Date "2019.04.22"]
[Round "6"]
[Board "4"]
[White "Lambton, David"]
[Black "Pride, Stephen C"]
[Result "0-1"]
[WhiteElo "1645"]
[BlackElo "1610"]
[PlyCount "48"]
[EventDate "2019.04.19"]
[EventRounds "7"]
[EventCountry "ENG"]

1. c4 g5 2. g3 Bg7 3. Bg2 Nc6 4. e3 b6 5. Ne2 Bb7 6. Nbc3 e6 7. O-O Qe7 8. d4
O-O-O 9. a3 h5 10. b4 Rf8 11. Bb2 h4 12. Rc1 hxg3 13. fxg3 Nh6 14. Bf3 g4 15.
Bg2 Rh7 16. Rf2 Rfh8 17. Be4 f5 18. Nf4 Qe8 19. Bh1 Nf7 20. Qe2 Ng5 21. Rcf1
Nxd4 22. Bxb7+ Kxb7 23. exd4 Bxd4 24. Nb5 Rxh2  0-1

[Event "1st 4NCL Easter Congress"]
[Site "Stevenage"]
[Date "2019.04.22"]
[Round "6"]
[Board "5"]
[White "Ratnesan, Radha"]
[Black "Dunkley, Michael"]
[Result "1/2-1/2"]
[WhiteElo "1418"]
[BlackElo "1777"]
[PlyCount "56"]
[EventDate "2019.04.19"]
[EventRounds "7"]
[EventCountry "ENG"]

1. d4 Nf6 2. Nf3 d6 3. c4 Nbd7 4. g3 e5 5. Nc3 Be7 6. Bg2 O-O 7. O-O c6 8. e4
Qc7 9. Nh4 exd4 10. Qxd4 Re8 11. Nf5 Bf8 12. Rd1 Nc5 13. Bf4 Ne6 14. Qe3 Nxf4
15. Qxf4 Bxf5 16. Qxf5 Qe7 17. Rab1 g6 18. Qf3 Bg7 19. b4 Nd7 20. b5 Nc5 21.
Re1 Ne6 22. bxc6 bxc6 23. Na4 Rab8 24. Qd3 Nd4 25. Rec1 Qc7 26. Qd2 Rxb1 27.
Rxb1 Rb8 28. Re1 Qb7  1/2-1/2

[Event "1st 4NCL Easter Congress"]
[Site "Stevenage"]
[Date "2019.04.22"]
[Round "6"]
[Board "6"]
[White "Homer, Neil S"]
[Black "Royce, Anastasija"]
[Result "1-0"]
[WhiteElo "1692"]
[BlackElo "1158"]
[PlyCount "103"]
[EventDate "2019.04.19"]
[EventRounds "7"]
[EventCountry "ENG"]

1. Nf3 Nc6 2. d4 d5 3. c4 Bg4 4. cxd5 Bxf3 5. gxf3 Qxd5 6. e3 e6 7. Nc3 Qd7 8.
a3 a6 9. f4 O-O-O 10. Bg2 f5 11. Bd2 g6 12. Qc2 Bg7 13. O-O-O Nge7 14. Kb1 Na5
15. Na4 Qb5 16. Bxa5 Qxa5 17. Nc5 Nd5 18. Nxe6 Rd7 19. Nxg7 Rxg7 20. Qc5 Qxc5
21. dxc5 Nf6 22. h3 c6 23. Rd6 Nd7 24. b4 Rd8 25. Rhd1 Rf7 26. Bf1 Rff8 27. Bc4
Nf6 28. f3 Rfe8 29. Be6+ Kc7 30. Rxd8 Rxd8 31. Rxd8 Kxd8 32. Kc2 Nd5 33. Bxd5
cxd5 34. Kd3 Kd7 35. Kd4 Ke6 36. a4 h6 37. h4 h5 38. b5 axb5 39. axb5 b6 40.
cxb6 Kd6 41. b7 Kc7 42. Kxd5 Kxb7 43. Ke6 Kb6 44. Kf6 Kxb5 45. Kxg6 Kc4 46.
Kxf5 Kd3 47. e4 Ke3 48. e5 Kxf3 49. e6 Kg3 50. Kg5 Kf3 51. e7 Kg3 52. e8=Q  1-0

[Event "1st 4NCL Easter Congress"]
[Site "Stevenage"]
[Date "2019.04.22"]
[Round "6"]
[Board "7"]
[White "Duffell, Andrew"]
[Black "Ribbands, Patrick C"]
[Result "0-1"]
[WhiteElo "1424"]
[BlackElo "1683"]
[PlyCount "62"]
[EventDate "2019.04.19"]
[EventRounds "7"]
[EventCountry "ENG"]

1. d4 g6 2. c4 Bg7 3. Nc3 d6 4. e4 Nd7 5. f4 e5 6. dxe5 dxe5 7. Nf3 Qe7 8. Bd3
c6 9. O-O Ngf6 10. f5 O-O 11. Ng5 h6 12. Nh3 Kh7 13. Qf3 b6 14. Qg4 Nxg4 15.
Rf3 Ngf6 16. Be3 Nc5 17. Bc2 Bb7 18. Raf1 Rad8 19. Nf2 Rd7 20. g4 g5 21. h4 Ng8
22. hxg5 hxg5 23. Nh3 f6 24. R1f2 Nh6 25. Rg3 Nd3 26. Rh2 Nxb2 27. Nd5 cxd5 28.
exd5 Kg8 29. Bb3 Nxc4 30. Bxc4 Bxd5 31. Bb5 Rc7  0-1

[Event "1st 4NCL Easter Congress"]
[Site "Stevenage"]
[Date "2019.04.22"]
[Round "6"]
[Board "9"]
[White "Robinson, Brian"]
[Black "Gill, Gursharanjit S"]
[Result "1/2-1/2"]
[WhiteElo "1569"]
[BlackElo "1520"]
[PlyCount "66"]
[EventDate "2019.04.19"]
[EventRounds "7"]
[EventCountry "ENG"]

1. d4 d5 2. Nf3 Nf6 3. e3 c6 4. Nbd2 g6 5. Bd3 Bg7 6. O-O Bg4 7. h3 Bc8 8. Re1
O-O 9. c3 Qc7 10. e4 dxe4 11. Nxe4 Nxe4 12. Bxe4 Rd8 13. Qe2 e6 14. Bg5 Re8 15.
Qd2 Nd7 16. Bc2 b6 17. Rad1 Bb7 18. Bf4 Qc8 19. Ne5 Nf6 20. Bb3 c5 21. dxc5
Qxc5 22. Qe3 Qxe3 23. Rxe3 Nd5 24. Bxd5 Bxd5 25. b3 b5 26. Red3 Rac8 27. c4
bxc4 28. bxc4 Be4 29. Rd7 Bxe5 30. Bxe5 a5 31. Ra7 Ra8 32. Rdd7 Rxa7 33. Rxa7
Ra8  1/2-1/2

[Event "1st 4NCL Easter Congress"]
[Site "Stevenage"]
[Date "2019.04.22"]
[Round "6"]
[Board "10"]
[White "Illingworth, John B"]
[Black "Webster, Vivien"]
[Result "0-1"]
[WhiteElo "1621"]
[BlackElo "1724"]
[PlyCount "50"]
[EventDate "2019.04.19"]
[EventRounds "7"]
[EventCountry "ENG"]

1. d4 b6 2. e4 Bb7 3. Nc3 e6 4. Bd3 Nf6 5. Nf3 Be7 6. O-O O-O 7. e5 Nd5 8. Nxd5
Bxd5 9. c3 c5 10. dxc5 Bxc5 11. Qc2 Bxf3 12. Bxh7+ Kh8 13. gxf3 g6 14. Qe4 Nc6
15. Qf4 Kxh7 16. Qh6+ Kg8 17. Bg5 Be7 18. f4 Bxg5 19. fxg5 Nxe5 20. f4 Ng4 21.
Qh4 Ne3 22. Rf3 Nf5 23. Qg4 Kg7 24. Kg2 Rh8 25. Rh1 Rh4  0-1

[Event "1st 4NCL Easter Congress"]
[Site "Stevenage"]
[Date "2019.04.22"]
[Round "6"]
[Board "11"]
[White "Jones, Zebedee"]
[Black "Fisher, Neal"]
[Result "0-1"]
[WhiteElo "1412"]
[BlackElo "1473"]
[PlyCount "78"]
[EventDate "2019.04.19"]
[EventRounds "7"]
[EventCountry "ENG"]

1. e4 e5 2. Nf3 Nc6 3. Bb5 d6 4. d4 Bd7 5. Nc3 Nf6 6. O-O Be7 7. Re1 exd4 8.
Nxd4 O-O 9. Nxc6 bxc6 10. Bd3 Bg4 11. Qd2 h6 12. e5 dxe5 13. Rxe5 Nd7 14. Re1
Bg5 15. f4 Bh4 16. Rf1 Nc5 17. Be2 Bf5 18. Qe3 Ne6 19. Rd1 Qe7 20. Ne4 Bxe4 21.
Qxe4 Nc5 22. Qxe7 Bxe7 23. Bf3 Rfd8 24. Be3 Bd6 25. Bxc6 Rab8 26. b3 Rb6 27.
Bf3 Rb4 28. Bxc5 Bxc5+ 29. Kh1 Rxd1+ 30. Rxd1 Rxf4 31. h3 Bd6 32. Kg1 a5 33. a4
g5 34. Kf1 Kg7 35. Ke2 Kf6 36. Rd5 Bb4 37. Kd3 c5 38. Ke3 Ke6 39. g3 Rxf3+  0-1

[Event "1st 4NCL Easter Congress"]
[Site "Stevenage"]
[Date "2019.04.22"]
[Round "6"]
[Board "12"]
[White "Sagar, Aneesh"]
[Black "Volovich, Andrew"]
[Result "1-0"]
[WhiteElo "1195"]
[BlackElo "1373"]
[PlyCount "127"]
[EventDate "2019.04.19"]
[EventRounds "7"]
[EventCountry "ENG"]

1. e4 e6 2. d4 d5 3. e5 c5 4. c3 Nc6 5. Nf3 Qb6 6. g3 cxd4 7. cxd4 Nh6 8. Bxh6
Qxb2 9. Bxg7 Bxg7 10. Nbd2 Nxd4 11. Nxd4 Qxd4 12. Bb5+ Bd7 13. Bxd7+ Kxd7 14.
Nf3 Qc3+ 15. Kf1 Bxe5 16. Nxe5+ Qxe5 17. Qa4+ Kd8 18. Rb1 d4 19. Rxb7 Qd5 20.
Qb5 Qxh1+ 21. Ke2 Qe4+ 22. Kd2 Qxb7 23. Qxb7 Rc8 24. Qxa7 Ke8 25. Qa4+ Ke7 26.
Qb4+ Ke8 27. Qa4+ Kf8 28. Qxd4 Ke7 29. Qb4+ Kf6 30. Ke3 e5 31. Qb6+ Kg7 32. Qb5
Rhe8 33. Qb4 e4 34. Kf4 Rcd8 35. g4 Rd3 36. Qb2+ f6 37. g5 Rf3+ 38. Kg4 Re5 39.
gxf6+ Kxf6 40. a4 h5+ 41. Kh4 Kf5 42. h3 Kg6 43. Qxe5 Rxf2 44. Qxe4+ Kf7 45.
Kxh5 Kf8 46. Kg5 Rf7 47. Qf5 Rxf5+ 48. Kxf5 Ke7 49. a5 Kd7 50. h4 Kc6 51. h5
Kb5 52. h6 Kxa5 53. h7 Kb4 54. h8=Q Kc4 55. Qd8 Kc3 56. Qd5 Kc2 57. Qd4 Kb3 58.
Ke4 Kc2 59. Qd3+ Kb2 60. Kd4 Kc1 61. Qe2 Kb1 62. Kc3 Ka1 63. Kb3 Kb1 64. Qb2#
 1-0

[Event "1st 4NCL Easter Congress"]
[Site "Stevenage"]
[Date "2019.04.22"]
[Round "7"]
[Board "1"]
[White "Willow, Hambel M"]
[Black "Usharovsky, Ron"]
[Result "1/2-1/2"]
[WhiteElo "1531"]
[BlackElo "1609"]
[PlyCount "42"]
[EventDate "2019.04.19"]
[EventRounds "7"]
[EventCountry "ENG"]

1. d4 c6 2. c4 d5 3. Nc3 Nf6 4. Nf3 dxc4 5. a4 Bf5 6. e3 e6 7. Bxc4 Bd6 8. O-O
Nbd7 9. Re1 Ne4 10. Bd3 Ndf6 11. Qc2 Nxc3 12. bxc3 Bxd3 13. Qxd3 c5 14. e4 Nd7
15. e5 Be7 16. Be3 O-O 17. Rad1 Nb6 18. Qc2 c4 19. Nd2 Qd5 20. Bf4 Qa5 21. Re3
Qxa4  1/2-1/2

[Event "1st 4NCL Easter Congress"]
[Site "Stevenage"]
[Date "2019.04.22"]
[Round "7"]
[Board "2"]
[White "Gill, Gursharanjit S"]
[Black "Tomlinson, Zak"]
[Result "0-1"]
[WhiteElo "1520"]
[BlackElo "1660"]
[PlyCount "70"]
[EventDate "2019.04.19"]
[EventRounds "7"]
[EventCountry "ENG"]

1. c4 e5 2. Nc3 Nf6 3. g3 Bc5 4. Bg2 c6 5. e4 a5 6. d3 d6 7. h3 Be6 8. Nf3 Nbd7
9. O-O O-O 10. Bg5 h6 11. Bd2 Ba7 12. Nh4 Nc5 13. Be3 Qd7 14. Kh2 b5 15. b3 b4
16. Ne2 Rfd8 17. f4 exf4 18. Rxf4 Nh7 19. Nf5 Bxf5 20. Rxf5 g6 21. Rf1 Nxb3 22.
axb3 Bxe3 23. d4 Bg5 24. h4 Bf6 25. Nf4 Bg7 26. Ra2 Nf6 27. Bh3 Qe7 28. Re2 g5
29. hxg5 hxg5 30. Ng2 g4 31. e5 dxe5 32. Rxe5 Qxe5 33. dxe5 Rxd1 34. Rxd1 Ne4
35. Bxg4 Nf2  0-1